000 01585nam a2200421 a 4500
008 081016s2008||||xo ol g 000 0 slo d
020 _a9788089169146
_q(viaz.)
_c100
040 _aSNK
_bslo
_cSNK
_eAACR2
041 0 _aslo
_aeng
043 _ae-xo---
044 _cSK
072 7 _a355/359
_xVojenstvo. Obrana krajiny. Ozbrojené sily
_2konspekt
080 _a355.1
_22001
080 _a(437.6)
_22001
080 _a(048.8)
_22001
080 _a(084.12)
_22001
080 _a355.02
_22001
080 _a005.931
_22001
100 1 _aPurdek, Imrich
245 1 0 _aV službách vlasti, demokracie a mieru
_b15 rokov Ozbrojených síl Slovenskej republiky : 1993 - 2008
_cvedúci autorského kolektívu: Imrich Purdek ; spoluautori Ján Lichner ... [et al.] ; [preklad do anglického jazyka: Ľubomír Ondruš]
246 1 1 _aIn the service of country, democracy and peace
250 _a1. slov.-angl. vyd.
260 _a[Bratislava]
_bMagnet Press Slovakia
_c2008
300 _a303 s.
_bfotogr. (prevažne fareb.), sch.
_c22 x 31 cm
490 1 _aZlatá edícia: Ozbrojené sily Slovenskej republiky
500 _aMiesto vyd. podľa ISBN
500 _aSpoluvydav. Vojenský historický ústav Bratislava
504 _aBibliogr. s. 302
610 1 7 _aSlovensko.
_bArmáda
_2SNKKA
650 0 7 _aozbrojené sily
_2SNKPH
650 0 7 _avojenská politika
_2SNKPH
650 0 7 _anárodná bezpečnosť
_2SNKPH
650 0 7 _akrízový manažment
_2SNKPH
651 7 _aSlovensko
_2SNKPH
700 1 _aLichner, Ján
_4aut
700 1 _aOndruš, Ľubomír
_4trl
044 _axo
_cSK
999 _c19880
_d19880